Флора, растительность и растительные ресурсы Казахстана (Запись № 1512690)
[ простой вид ]
| 000 -МАРКЕР | |
|---|---|
| контрольное поле | 01529nam1a2200301 i 4500 |
| 001 - ИДЕНТИФИКАТОР ЗАПИСИ | |
| контрольное поле | RU\NLR\bibl\1759154 |
| 005 - ИДЕНТИФИКАТОР ВЕРСИИ | |
| контрольное поле | 20260407081011.0 |
| 035 ## - ДРУГИЕ СИСТЕМНЫЕ НОМЕРА | |
| Идентификатор записи | (NLR Aleph) 001749978 |
| 100 ## - ДАННЫЕ ОБЩЕЙ ОБРАБОТКИ | |
| Данные общей обработки | 20110414g20039999u y0rusy50 ca |
| 101 0# - ЯЗЫК РЕСУРСА | |
| Язык текста, звукозаписи и т.д. | русский |
| 102 ## - СТРАНА ПУБЛИКАЦИИ ИЛИ ПРОИЗВОДСТВА | |
| Страна публикации | Российская Федерация |
| 105 ## - ПОЛЕ КОДИРОВАННЫХ ДАННЫХ: ТЕКСТОВЫЕ МАТЕРИАЛЫ, МОНОГРАФИЧЕСКИЕ | |
| Кодированные данные о монографическом текстовом документе | ||||z ||||| |
| 200 1# - ЗАГЛАВИЕ И СВЕДЕНИЯ ОБ ОТВЕТСТВЕННОСТИ | |
| Основное заглавие | Флора, растительность и растительные ресурсы Казахстана |
| Сведения, относящиеся к заглавию | библиографический указатель |
| Первые сведения об ответственности | [М-во образования и науки Респ. Казахстан], Центр. науч. б-ка |
| Последующие сведения об ответственности | [сост.: В.К. Кузембаева] |
| 210 ## - ПУБЛИКАЦИЯ, РАСПРОСТРАНЕНИЕ И ДР. | |
| Место издания, распространения и т.д. | Алматы |
| Имя издателя, распространителя и т. д. | Центральная научная библиотека |
| Дата издания, распространения и т.д. | 2003 |
| 215 ## - ФИЗИЧЕСКАЯ ХАРАКТЕРИСТИКА | |
| Размеры | 21 |
| 463 #0 - УРОВЕНЬ ФИЗИЧЕСКОЙ ЕДИНИЦЫ | |
| Встроенное поле | 0011424928 |
| 606 1# - НАИМЕНОВАНИЕ ТЕМЫ КАК ПРЕДМЕТ | |
| Наименование темы | Растительные ресурсы |
| Формальный подзаголовок | Библиография |
| Географический подзаголовок | Казахстан, Республика |
| Системный номер авторитетной/нормативной записи | 2588113 |
| Идентификатор авторитетной/нормативной записи | RU\NLR\auth\661529620 |
| 606 1# - НАИМЕНОВАНИЕ ТЕМЫ КАК ПРЕДМЕТ | |
| Наименование темы | Растения |
| Формальный подзаголовок | Библиография |
| Географический подзаголовок | Казахстан, Республика |
| Системный номер авторитетной/нормативной записи | 2279662 |
| Идентификатор авторитетной/нормативной записи | RU\NLR\auth\661365886 |
| 686 ## - ИНДЕКСЫ ДРУГИХ КЛАССИФИКАЦИЙ | |
| Индекс | П18(257К)я1 |
| 686 ## - ИНДЕКСЫ ДРУГИХ КЛАССИФИКАЦИЙ | |
| Индекс | Е585.9(257К)я1 |
| 702 #1 - ИМЯ ЛИЦА - ВТОРИЧНАЯ ОТВЕТСТВЕННОСТЬ | |
| Начальный элемент ввода | Кузембаева |
| Часть имени, кроме начального элемента ввода | В. К. |
| Код отношения | Составитель |
| 712 01 - НАИМЕНОВАНИЕ ОРГАНИЗАЦИИ - ВТОРИЧНАЯ ОТВЕТСТВЕННОСТЬ | |
| Код отношения | Автор |
| Начальный элемент ввода | Республика Казахстан |
| Структурное подразделение | Министерство образования и науки |
| -- | Центральная научная библиотека |
| Системный номер авторитетной/нормативной записи | 582180 |
| Идентификатор авторитетной/нормативной записи | RU\NLR\AUTH\8810041432 |
| 801 #0 - ИСТОЧНИК ЗАПИСИ | |
| Страна | Российская Федерация |
| Организация | NLR |
| Дата составления | 20110414 |
| Правила каталогизации | RCR |
| 801 #1 - ИСТОЧНИК ЗАПИСИ | |
| Страна | Российская Федерация |
| Организация | NLR |
| Дата составления | 20110414 |
| 852 ## - МЕСТОНАХОЖДЕНИЕ И ШИФР ХРАНЕНИЯ | |
| Идентификатор организации | NLR |
| Наименование фонда или коллекции (Sub-Location Identifier) | С |
| Шифр хранения (Call Number) | 2009-2/613 |
| 942 ## - ДОПОЛНИТЕЛЬНЫЕ ЭЛЕМЕНТЫ ЗАПИСИ (АБИС) | |
| Тип экземпляра АБИС | Книга |
Нет доступных экземпляров.